00226nam a22000977a 4500008004100000082001100041245004100052260000900093300001100102440001500113180803b xxu||||| |||| 00| 0 eng d a813.52 aNursing Assistant SkillscSorrentino c2006 a1fDVD x9996012360